Manchitra praveshika (Record no. 1332359)

MARC details
000 -LEADER
fixed length control field 00489nam a2200181Ia 4500
005 - DATE AND TIME OF LATEST TRANSACTION
control field 20250508151828.0
008 - FIXED-LENGTH DATA ELEMENTS--GENERAL INFORMATION
fixed length control field 008 250505s9999 xx 000 0 hin d
037 ## - SOURCE OF ACQUISITION
Stock number Textual
040 ## - CATALOGING SOURCE
Original cataloging agency FEDL
Language of cataloging eng
Transcribing agency FEDL
041 ## - LANGUAGE CODE
Language code of text/sound track or separate title hin
Source of code hin
084 ## - COLON CLASSIFICATION NUMBER
Classification number 910, VAS
Assigning agency FEDL
100 ## - MAIN ENTRY--PERSONAL NAME
Personal name Vashisht Ramswaroop
9 (RLIN) 760103
245 #0 - TITLE STATEMENT
Title Manchitra praveshika
260 ## - PUBLICATION, DISTRIBUTION, ETC.
Place of publication, distribution, etc. Delhi, India
Name of publisher, distributor, etc. Atma Ram and Sons
Date of publication, distribution, etc. 1955
300 ## - PHYSICAL DESCRIPTION
Extent 128p.
942 ## - ADDED ENTRY ELEMENTS (KOHA)
Koha item type Textual
Classification part 910, VAS
Holdings
Withdrawn status Lost status Damaged status Not for loan Home library Current library Date acquired Total Checkouts Full call number Barcode Date last seen Price effective from Koha item type
        Department of Education Library Department of Education Library 2025-05-08   910, VAS EL0013457 2025-05-08 2025-05-08 Textual
Copyright @ Delhi University Library System